უახლესი ქართული პოეზიის ანთოლოგია / The Anthology of Modern Georgian Poetry (Record no. 1503)

000 -LEADER
fixed length control field 00781nam a22001937a 4500
003 - CONTROL NUMBER IDENTIFIER
control field OSt
005 - DATE AND TIME OF LATEST TRANSACTION
control field 20210423064126.0
008 - FIXED-LENGTH DATA ELEMENTS--GENERAL INFORMATION
fixed length control field 210217s2009 ||||| |||| 00| 0 geo d
020 ## - INTERNATIONAL STANDARD BOOK NUMBER
International Standard Book Number 9789941018527
040 ## - CATALOGING SOURCE
Original cataloging agency geo
Language of cataloging eng
Transcribing agency DLC
041 ## - LANGUAGE CODE
Language code of text/sound track or separate title geo
080 ## - UNIVERSAL DECIMAL CLASSIFICATION NUMBER
Universal Decimal Classification number 821.353.1
Item number უ-15
245 ## - TITLE STATEMENT
Title უახლესი ქართული პოეზიის ანთოლოგია / The Anthology of Modern Georgian Poetry
Statement of responsibility, etc. / by: ეროვნული მწერლობა / National Writers
260 ## - PUBLICATION, DISTRIBUTION, ETC.
Place of publication, distribution, etc. თბილისი / Tbilisi
Name of publisher, distributor, etc. ეროვნული მწერლობა / National Writers
Date of publication, distribution, etc. 2010
300 ## - PHYSICAL DESCRIPTION
Extent 799 p.
Other physical details ill.
650 #0 - SUBJECT ADDED ENTRY--TOPICAL TERM
9 (RLIN) 942
Topical term or geographic name entry element Georgian Literature
653 ## - INDEX TERM--UNCONTROLLED
Uncontrolled term ქართული ლიტერატურა
942 ## - ADDED ENTRY ELEMENTS (KOHA)
Source of classification or shelving scheme
Koha item type Books
Holdings
Withdrawn status Lost status Source of classification or shelving scheme Damaged status Not for loan Permanent location Current location Date acquired Inventory number Total Checkouts Full call number Barcode Date last seen Price effective from Koha item type
          Ken Walker International University Ken Walker International University 02/17/2021 835   821.353.1 უ-15 835 02/17/2021 02/17/2021 Books
          Ken Walker International University Ken Walker International University 02/17/2021 1412   821.353.1 უ-15 1412 02/17/2021 02/17/2021 Books

Powered by Koha